<?xml version="1.0" encoding="UTF-8"?><?xml-stylesheet type="text/xsl" href="static/style.xsl"?><OAI-PMH xmlns="http://www.openarchives.org/OAI/2.0/" xmlns:xsi="http://www.w3.org/2001/XMLSchema-instance" xsi:schemaLocation="http://www.openarchives.org/OAI/2.0/ http://www.openarchives.org/OAI/2.0/OAI-PMH.xsd"><responseDate>2026-04-17T13:57:08Z</responseDate><request verb="GetRecord" identifier="oai:www.recercat.cat:20.500.14342/5488" metadataPrefix="marc">https://recercat.cat/oai/request</request><GetRecord><record><header><identifier>oai:recercat.cat:20.500.14342/5488</identifier><datestamp>2026-02-24T23:50:17Z</datestamp><setSpec>com_2072_482405</setSpec><setSpec>com_2072_183628</setSpec><setSpec>col_2072_482415</setSpec></header><metadata><record xmlns="http://www.loc.gov/MARC21/slim" xmlns:dcterms="http://purl.org/dc/terms/" xmlns:xsi="http://www.w3.org/2001/XMLSchema-instance" xmlns:doc="http://www.lyncode.com/xoai" xsi:schemaLocation="http://www.loc.gov/MARC21/slim http://www.loc.gov/standards/marcxml/schema/MARC21slim.xsd">
   <leader>00925njm 22002777a 4500</leader>
   <datafield ind2=" " ind1=" " tag="042">
      <subfield code="a">dc</subfield>
   </datafield>
   <datafield ind2=" " ind1=" " tag="720">
      <subfield code="a">Meignen, Fabiola</subfield>
      <subfield code="e">author</subfield>
   </datafield>
   <datafield ind2=" " ind1=" " tag="720">
      <subfield code="a">Martínez Duran, Anna</subfield>
      <subfield code="e">author</subfield>
   </datafield>
   <datafield ind2=" " ind1=" " tag="720">
      <subfield code="a">Martí, Nuria</subfield>
      <subfield code="e">author</subfield>
   </datafield>
   <datafield ind2=" " ind1=" " tag="260">
      <subfield code="c">2026-01</subfield>
   </datafield>
   <datafield ind2=" " ind1=" " tag="520">
      <subfield code="a">La integración de áreas verdes en los espacios intermedios urbanos mejora la configuración espacial, optimiza el desarrollo medioambiental de las ciudades y enriquece la experiencia sensorial de los usuarios. La vegetación favorece la cohesión entre las estructuras edificadas y desempeña un papel fundamental en la mitigación de las islas de calor, mejorando el confort ambiental. Este artículo analiza dos proyectos urbanos en Barcelona, centrados en la implementación del verde: el Patio del Centro Deportivo Turó de la Peira (2019) y los Jardines de Sants (2017). Mediante documentación gráfica y un análisis comparativo de los recorridos en ambos, se identifican las estrategias de diseño aplicadas. Estas soluciones ofrecen un modelo replicable para otros contextos urbanos, demostrando cómo la implementación del verde en los espacios intermedios urbanos pueden contribuir a la creación de entornos más sostenibles.</subfield>
   </datafield>
   <datafield ind2=" " ind1=" " tag="520">
      <subfield code="a">The integration of green areas in urban intermediate spaces improves spatial configuration, optimizes the environmental performance of cities, and enriches the sensory experience of users. Vegetation promotes cohesion between built structures and plays a key role in mitigating heat islands, thereby enhancing environmental comfort. This article analyzes two urban projects in Barcelona focused on green space implementation: the Patio of the Turó de la Peira Sports Center (2019) and the Sants Gardens (2017). Through graphical documentation and a comparative analysis of the paths in both projects, the applied design strategies are identified. These solutions offer a replicable model for other urban contexts, demonstrating how implementing greenery in intermediate urban spaces can contribute to the creation of more sustainable environments.</subfield>
   </datafield>
   <datafield ind1="8" ind2=" " tag="024">
      <subfield code="a">1390-9274</subfield>
   </datafield>
   <datafield ind1="8" ind2=" " tag="024">
      <subfield code="a">http://hdl.handle.net/20.500.14342/5488</subfield>
   </datafield>
   <datafield ind1="8" ind2=" " tag="024">
      <subfield code="a">https://doi.org/10.18537/est.v015.n029.a11</subfield>
   </datafield>
   <datafield tag="653" ind2=" " ind1=" ">
      <subfield code="a">Verde urbano</subfield>
   </datafield>
   <datafield tag="653" ind2=" " ind1=" ">
      <subfield code="a">Espacio intermedio</subfield>
   </datafield>
   <datafield tag="653" ind2=" " ind1=" ">
      <subfield code="a">Patio jardín</subfield>
   </datafield>
   <datafield tag="653" ind2=" " ind1=" ">
      <subfield code="a">Corredor verde</subfield>
   </datafield>
   <datafield tag="653" ind2=" " ind1=" ">
      <subfield code="a">Renaturalización</subfield>
   </datafield>
   <datafield ind2="0" ind1="0" tag="245">
      <subfield code="a">El verde en los espacios intermedios urbanos. El patio jardín del polideportivo Turó de la Peira y el corredor verde de Sants, en Barcelona</subfield>
   </datafield>
</record></metadata></record></GetRecord></OAI-PMH>